000 00331nam a22001457a 4500
003 SGT
020 _a978-93-89802-80-1
082 _a628.5
_bKUM
100 _aKUMAR, ANIL DE
245 _aENVIRONMENTAL CHEMISTRY
260 _aINDIA
_bNEW AGE PUB.
_c2024
300 _a394
650 _aENVIRONMENTAL CHEMISTRY
942 _2ddc
_cBK
999 _c32995
_d32995